Statistiques concernant Devinez l'artiste avec les paroles - Rap Français

Cliquez ici pour prendre le quiz!

Statistiques générales

  • Ce quiz a été pris 2 962 fois
  • Le résultat moyen est 7 sur 15

Statistiques - réponses

ParolesArtistes% Correct
Mon daron s'appelait Otto il n'aimait pas les putoSCH
80%
j'déboule en BSB, j'déboule en céline pull up sous filtré et vide mon glock j'grick, pawGazo
79%
BAVEUX EST NE A TELAVIV, BAVEUX EST NE A TELAVIVZiak
74%
J'ai pété le 3x filtré, c'est pas du narguilé, trop de bouteilles j'ai encquillée j'sais plus l'heure qu'il est
Timal
66%
Elle a la degaine, elle a un truc de ouf, khapta le week-end, elle fume la chicha kaloudnaps
62%
J'aime bien ta bouche sur l'bouts d'ma ah-ah-ah-eh, je sais que t'aimes bien le goûts de ma ah-ah-ah-ehJosman
58%
Réveille toi PD !
Kaaris
57%
Gros joint de cookie, j'suis pas un rookie, caca marron comme un wookieFreeze Corleone
44%
Ahhhhh ça y est maintenant j'existe !!!!!!!!!!!JUL
43%
Bitch pas besoin de taffer, suffit dme faire cracher, éléever mes portraits crachés, la juge me fera cracher Vald
26%
J'boxe avec les mots, Arsenik, NBOW, Jacques, Wenger ArsenalBB Jacques
21%
Sur le terrain l'arbitre siffle la faute, tu finis direct à Ry-fleu, un autre prend ta place dans le re-fou, bha ouais c'est la tessSDM
19%
Big up Richie, richie ça sent très bon comme le chicken tikkaGuy2bezbar
12%
Ton haleine il pue le sperme, donc j'fais pas péter le stick Oboy
11%
A 16 ans t'ecoute bien plus Temps Mort que ta mère Limsa d'Aulnay
4%

Distribution des résultats

Percentile par nombre de réponses

% des personnes avec chaque résultat

Votre développement - résultats

Vous n’avez pas pris ce quiz